000
00305nam a22001337a 4500
020
_a
817826311-4
082
_a
823
_b
DIC/C
100
_a
CHARLES DICKENS
245
_a
THE CHRISTMAS BOOKS
260
_a
DELHI
_b
ROHAN BOOK COMPANY
_c
2003
300
_a
223
650
_a
MODERN ILLUSTRATED CLASSICS
942
_c
BK
999
_c
367
_d
367